| 000 | 01245nam a22002657a 4500 | ||
|---|---|---|---|
| 005 | 20101206113148.0 | ||
| 008 | 101206t xxu||||| |||| 00| 0 hin d | ||
| 010 | _aHIN-91557 | ||
| 020 |
_c100.00 _a9788173094682 |
||
| 035 | _aHN-63903 | ||
| 037 | _bDBAD/PUB | ||
| 040 |
_aDPL _bHN |
||
| 082 | _aक | ||
| 100 |
_924598 _aबॉण्ड, रस्किन |
||
| 245 |
_aबहुत सारी परेशानियाँ / _cरस्किन बॉण्ड; सुमन बाजपेयी द्वारा अनुदित |
||
| 246 |
_aBahut sari parshaniyan _bby Ruskin Bond |
||
| 260 |
_aनई दिल्ली _bसस्ता साहित्य मण्डल _c2010 |
||
| 270 |
_aएन-77, पहली मंजिल, कनॉट सर्कस _bनई दिल्ली _e110001 |
||
| 300 |
_a63पृ _c22सेमी (सजिल्द) |
||
| 650 |
_91169 _aलघु कथाएँ, हिन्दी |
||
| 700 |
_924599 _aबाजपेयी, सुमन |
||
| 700 | _925390 | ||
| 942 |
_2ddc _cHN _mबॉण्डर _hक |
||
| 999 |
_c49981 _d49981 |
||